Дело о ревизии театрального имущества

Доступно только в Электронных читальных залах Найти на картеНа карте
RUSMARC
00003559nmc2a22000003x 450
0017362cacc-e8e8-411e-b249-c2e621d090c7
00520181128220921.0
100##$a20170111l18251825k l0rusy0189 ca
1010#$arus
102##$aRU
2001#$aДело о ревизии театрального имущества
$j10 февраля - 20 марта 1825 г.
251##$cДело
300##$aДело
801#0$aRU
$bРГИА
$c20170111
$gRCR
801#1$aRU
$bГлавНИВЦ
$c20170111
$2rusmarc
801#2$aRU
$bПБ им. Б.Н. Ельцина
$c20181128
$gRCR
$2rusmarc
850##$aРГИА
852##$aРГИА
$eФедеральное казенное учреждение "Российский государственный исторический архив" (РГИА)
$j2844
937##$hРГИА
$d12238993
$aASBIBLIO_SCAN
462#0$1001dd3991dc-24e1-42ec-8838-ca4255420416
$12001
$a1746-1850 гг.
$1251
$cОпись
$1852
$j1
461#0$10019264ebf8-de62-4f1a-9eb4-9f22098dbbd5
$12001
$aДирекция императорских театров МИДв
$1251
$cФонд
$1852
$j497
215##$a11 л.
$d36,5х26 см
371##$aДокумент не является опубликованным и широко распространяемым
105##$ay###
1222#$ad
035##$a7362cacc-e8e8-411e-b249-c2e621d090c7
856##$uhttp://readingroom.main.prlib.ru/item.aspx?id_node=n121109544&mode=full
Формат отображения